Cultivo de hortalizas

Salvato in:
Dettagli Bibliografici
Autore principale: Giaconi Maillard, Vicente (autor)
Natura: Libro
Lingua:spagnolo
Pubblicazione: Santiago Universitaria 1976
Edizione:3a. ed
Soggetti:
Tags: Aggiungi Tag
Nessun Tag, puoi essere il primo ad aggiungerne!!

MARC

LEADER 00000nam a2200000 a 4500
001 UCR5426
003 CL-VaPUC
008 980327e19760000CL |||||||||||||||||spa|d
082 0 4 |a 635  |b GIA  |2 21 
100 |a Giaconi Maillard, Vicente  |e autor  |9 470358 
245 1 0 |a Cultivo de hortalizas 
250 |a 3a. ed 
300 |a 336 p 
942 |c BK 
945 |d 19980327 00:00:00  |a lriquelm 
260 |a Santiago  |b Universitaria  |c 1976 
650 0 |a Horticultura  |9 259721 
650 0 |a Hortalizas  |9 259501 
650 0 |a Cultivo de hortalizas  |9 338094 
650 0 |a Cultivos  |9 264356 
583 |a last modification  |c 19980327 00:00:00  |k Rodrigo Vera 
999 |c 268024  |d 268022 
952 |0 0  |1 0  |4 0  |6 635_000000000000000_GIA_1976  |7 0  |8 A  |9 300882  |a BIBALI  |b BIBALI  |d 2019-11-20  |i 1975404  |o 635 GIA 1976  |p 1975404  |r 2025-01-20  |w 2019-11-20  |y BK  |k ALI